Babymonster mvs - Statistics

General Stats
  • This quiz has been taken 260 times
    19 since last reset
  • The average score is 11 of 13
Answer Stats
Picture Answer % Correct
Choom
94%
Drip
94%
Hot Sauce
94%
Psycho
94%
Sheesh
94%
Batter Up
88%
Click Clack
88%
Forever
88%
We Go Up
88%
Love in My Heart
81%
Really Like You
81%
Stuck in the Middle
81%
Like That
75%
No matching quizzes found
Score Distribution
Percent of People with Each Score
Percentile by Number Answered
Your Score History
You have not taken this quiz since the last reset